Kto wystąpił w filmie "Chłopi"? - Statystyki

Ogólne statystyki
  • Ten quiz został rozwiązany 17 razy
  • Średni wynik to 6 z 17
Statystyki odpowiedzi
rola obsada % Poprawnych
Jasio Maciej Musiał
85%
Organiścina Małgorzata Kożuchowska
77%
Maciej Boryna Mirosław Baka
69%
Jagna Paczesiówna Kamila Urzędowska
62%
Antek Boryna Robert Gulaczyk
54%
Marysia Pastuszka Julia Wieniawa
46%
Marcjanna Pacześ Ewa Kasprzyk
38%
Wójtowa Sonia Bohosiewicz
38%
Wójt Andrzej Konopka
31%
Hanka Borynowa Sonia Mietielica
31%
Kowal Michał Cezary Łukaszewicz
23%
Jagustynka Dorota Stalińska
23%
Mateusz Mateusz Rusin
23%
Zośka Klara Bielawka
15%
Jambroży Lech Dyblik
15%
Karczmarz Jankiel Mariusz Kiljan
8%
Parobek Wojtek Szymon Kukla
8%
Nie znaleziono quizów pasujących do podanych kryteriów
Rozkład punktacji
Procent ludzi z każdym wynikiem
Percentyl według liczby udzielonych odpowiedzi
Twoja historia wyników
Nie rozwiązałeś tego quizu